[Event "Gibraltar Challengers op-A"]
[Site "Caleta"]
[Date "2020.01.21"]
[Round "2"]
[White "Godoy Olazabal, Arturo"]
[Black "Sousa, Ludy Helsio Paulo"]
[Result "0-1"]
[WhiteElo "2154"]
[BlackElo "2247"]
[PlyCount "76"]
[EventDate "2020.01.20"]
[EventType "swiss"]
[EventRounds "5"]
[EventCountry "GGB"]
[SourceTitle "CBM 194 Extra"]
[Source "ChessBase"]
[SourceDate "2020.03.31"]
[SourceVersion "1"]
[SourceVersionDate "2020.03.31"]
[SourceQuality "1"]

1. e4 c5 2. Nf3 a6 3. Nc3 d6 4. d4 cxd4 5. Nxd4 e5 6. Nb3 Be7 7. Be2 Nf6 8. g4 h6 9. Rg1 Be6 10. f4 Nfd7 11. f5 Qb6 12. Rg2 Bh4+ 13. Kf1 Bxb3 14. axb3 Nf6 15. Qd3 Bg5 16. h4 Bxc1 17. Rxc1 Nbd7 18. Rd1 Ke7 19. Bf3 Nc5 20. Qc4 Qc6 21. g5 hxg5 22. hxg5 Ne8 23. g6 fxg6 24. Rxg6 b5 25. Qe2 Kd8 26. Nd5 Ra7 27. Qe3 Rf7 28. Qg5+ Kd7 29. Kg1 a5 30. Bg4 Nxe4 31. f6+ Kd8 32. fxg7+ Nxg5 33. gxh8Q Qc5+ 34. Kh1 Rh7+ 35. Qxh7 Nxh7 36. Rg8 Qf2 37. Rd3 Qf7 38. Rc3 Qxd5+ 0-1

[Event "Lisbon Portugal rapid op"]
[Site "Lisbon"]
[Date "2019.02.10"]
[Round "2"]
[White "Sousa, Ludy Helsio Paulo"]
[Black "Guerreiro, Jose Velho"]
[Result "1-0"]
[WhiteElo "2169"]
[BlackElo "1599"]
[PlyCount "87"]
[EventDate "2019.02.10"]
[EventType "swiss (rapid)"]
[EventRounds "8"]
[EventCountry "POR"]
[SourceTitle "CBM 188 Extra"]
[Source "ChessBase"]
[SourceDate "2019.02.28"]
[SourceVersion "1"]
[SourceVersionDate "2019.02.28"]
[SourceQuality "1"]

1. e4 c5 2. Nf3 Nc6 3. d4 cxd4 4. Nxd4 g6 5. Nc3 Bg7 6. Be3 Nf6 7. Nb3 d6 8. f3 a6 9. Qd2 Be6 10. 0-0-0 Bxb3 11. cxb3 Rc8 12. Kb1 Qa5 13. g4 Nd7 14. a3 Bxc3 15. Qxc3 Qxc3 16. bxc3 Nce5 17. Bd4 0-0 18. Be2 Nc6 19. Be3 b5 20. Kb2 Rc7 21. h4 Rfc8 22. h5 Nce5 23. Bd4 Nc6 24. Be3 Nce5 25. Rc1 Nc5 26. Rcd1 Ncd3+ 27. Rxd3 Nxd3+ 28. Bxd3 Rxc3 29. Rd1 R8c6 30. Bd4 Rxd3 31. Rxd3 f6 32. f4 Kf7 33. hxg6+ hxg6 34. f5 gxf5 35. gxf5 e6 36. fxe6+ Kxe6 37. Rf3 Rc8 38. Rxf6+ Ke7 39. e5 dxe5 40. Bxe5 a5 41. Rb6 Rg8 42. Rxb5 Rg2+ 43. Kc3 Rf2 44. Rxa5 1-0

[Event "Lisbon Portugal op"]
[Site "Lisbon"]
[Date "2019.02.04"]
[Round "4"]
[White "Spraggett, Kevin"]
[Black "Sousa, Ludy Helsio Paulo"]
[Result "1/2-1/2"]
[WhiteElo "2513"]
[BlackElo "2169"]
[PlyCount "114"]
[EventDate "2019.02.02"]
[EventType "swiss"]
[EventRounds "9"]
[EventCountry "POR"]
[SourceTitle "CBM 188 Extra"]
[Source "ChessBase"]
[SourceDate "2019.02.28"]
[SourceVersion "1"]
[SourceVersionDate "2019.02.28"]
[SourceQuality "1"]

1. Nf3 Nf6 2. g3 g6 3. b3 Bg7 4. Bb2 d6 5. c4 e5 6. d3 0-0 7. Bg2 h6 8. 0-0 Nc6 9. Nc3 Be6 10. Nd2 Qd7 11. a3 a5 12. Nd5 Bh3 13. e4 Bxg2 14. Kxg2 Nxd5 15. cxd5 Nd4 16. Rc1 c6 17. Nc4 Ra6 18. dxc6 bxc6 19. Bxd4 exd4 20. Re1 d5 21. Nd2 Re8 22. Qc2 h5 23. exd5 Qxd5+ 24. Kg1 Raa8 25. h4 Bf8 26. Nc4 Rab8 27. Rxe8 Rxe8 28. Qd2 Qf3 29. Rf1 Re2 30. Qd1 f6 31. b4 axb4 32. axb4 Bh6 33. Qb3 Kh8 34. b5 cxb5 35. Qxb5 Qxd3 36. Qb8+ Kh7 37. Qb7+ Bg7 38. Nd6 Qc2 39. Qd7 Qc5 40. Ne8 Qe7 41. Qxe7 Rxe7 42. Nxg7 Kxg7 43. Rd1 Rd7 44. Kf1 d3 45. Ke1 Re7+ 46. Kf1 Rd7 47. Ke1 g5 48. Kd2 Kg6 49. Rh1 Rd4 50. Ke3 Rd5 51. hxg5 fxg5 52. Kd2 g4 53. Rf1 Kg5 54. Ke3 d2 55. Rd1 Kf5 56. Rxd2 Rxd2 57. Kxd2 Ke5 1/2-1/2

[Event "Oslo op"]
[Site "Oslo"]
[Date "2018.10.07"]
[Round "10"]
[White "Sousa, Ludy Helsio Paulo"]
[Black "Haug, Johannes"]
[Result "0-1"]
[WhiteElo "2200"]
[BlackElo "2376"]
[PlyCount "138"]
[EventDate "2018.09.30"]
[EventType "swiss"]
[EventRounds "10"]
[EventCountry "NOR"]
[SourceTitle "EXT 2020"]
[Source "ChessBase"]
[SourceDate "2019.10.17"]
[SourceVersion "1"]
[SourceVersionDate "2019.10.17"]
[SourceQuality "1"]

1. e4 c6 2. d4 d5 3. Nc3 dxe4 4. Nxe4 Bf5 5. Ng3 Bg6 6. h4 h6 7. Nf3 Nd7 8. Bd3 Bxd3 9. Qxd3 e6 10. Bf4 Qa5+ 11. Bd2 Qc7 12. c4 Ngf6 13. Bc3 Rd8 14. Ne4 Be7 15. Nxf6+ Nxf6 16. Qe2 Qf4 17. 0-0 Qg4 18. Rfe1 0-0 19. g3 Qf5 20. Rad1 b5 21. Ne5 Rc8 22. b3 h5 23. Rd3 Rfe8 24. Kg2 bxc4 25. bxc4 Bd6 26. Rf3 Qh7 27. Qd2 Bxe5 28. dxe5 Ng4 29. Qd7 Rf8 30. Rxf7 Rxf7 31. Qxc8+ Rf8 32. Qxe6+ Kh8 33. Kg1 Qd3 34. Qd6 Qf3 35. Bd4 Nxf2 36. Qxf8+ Qxf8 37. Bxf2 Qe7 38. e6 Kg8 39. Re5 Qd6 40. Re4 Kf8 41. Kg2 a6 42. e7+ Ke8 43. Bb6 Qd2+ 44. Kf3 Qd3+ 45. Be3 Qf1+ 46. Bf2 c5 47. a4 a5 48. Re2 Qh1+ 49. Kf4 Qc1+ 50. Kf3 Qxc4 51. Re4 Qd3+ 52. Be3 c4 53. Re5 c3 54. Rxa5 Kxe7 55. Rc5 Kd6 56. Kf2 Qc2+ 57. Ke1 Qb2 58. a5 c2 59. a6 Qa1+ 60. Kf2 Qa2 61. Kf3 Qf7+ 62. Ke2 Qa2 63. Kd3 Qxa6+ 64. Kxc2 Qe2+ 65. Kb3 Qxe3+ 66. Rc3 Qg1 67. Kc4 Ke5 68. Rb3 Qd4+ 69. Kb5 Qd5+ 0-1

[Event "Oslo op"]
[Site "Oslo"]
[Date "2018.10.02"]
[Round "3"]
[White "Pavlovic, Milos"]
[Black "Sousa, Ludy Helsio Paulo"]
[Result "1-0"]
[WhiteElo "2482"]
[BlackElo "2200"]
[PlyCount "85"]
[EventDate "2018.09.30"]
[EventType "swiss"]
[EventRounds "10"]
[EventCountry "NOR"]
[SourceTitle "EXT 2020"]
[Source "ChessBase"]
[SourceDate "2019.10.17"]
[SourceVersion "1"]
[SourceVersionDate "2019.10.17"]
[SourceQuality "1"]

1. d4 Nf6 2. Nf3 c5 3. c3 Qc7 4. Bg5 Ne4 5. Be3 b6 6. g3 Bb7 7. Bg2 d6 8. 0-0 Nd7 9. c4 g6 10. d5 Bg7 11. Qc2 Nef6 12. Nc3 a6 13. a4 0-0 14. Rad1 Ng4 15. Bc1 Rfb8 16. b3 Bc8 17. Bb2 Ngf6 18. Rfe1 Qd8 19. e4 Ne8 20. Bf1 Nc7 21. h3 h6 22. Kh2 Kh7 23. Nh4 Qh8 24. Rd2 Nf8 25. f4 Bd7 26. e5 dxe5 27. f5 Bf6 28. fxg6+ fxg6 29. Ne4 Ne8 30. Bd3 Qg7 31. Nf3 Nd6 32. Nxf6+ exf6 33. Nxe5 fxe5 34. Bxe5 Qe7 35. Rde2 Re8 36. Bb2 Qf7 37. Qc3 Ne6 38. dxe6 Rxe6 39. Rf1 Rxe2+ 40. Bxe2 Qe7 41. Bf3 Rf8 42. Re1 Qf7 43. Bd5 1-0

[Event "Lisbon Portugal op"]
[Site "Lisbon"]
[Date "2018.02.08"]
[Round "8"]
[White "Sousa, Ludy Helsio Paulo"]
[Black "Vanden Bussche, Steven"]
[Result "1-0"]
[WhiteElo "2165"]
[BlackElo "1940"]
[PlyCount "49"]
[EventDate "2018.02.03"]
[EventType "swiss"]
[EventRounds "9"]
[EventCountry "POR"]
[SourceTitle "CBM 182 Extra"]
[Source "ChessBase"]
[SourceDate "2018.02.23"]
[SourceVersion "1"]
[SourceVersionDate "2018.02.23"]
[SourceQuality "1"]

1. e4 c6 2. Nc3 d5 3. Nf3 Bg4 4. h3 Bxf3 5. Qxf3 e6 6. d3 Nf6 7. Bd2 dxe4 8. dxe4 Nbd7 9. Be2 Qb6 10. 0-0-0 0-0-0 11. g4 Ne5 12. Qg3 Ng6 13. g5 Nd7 14. h4 Qc7 15. f4 e5 16. fxe5 Ngxe5 17. Bf4 Qa5 18. Rd4 Ng6 19. Bg4 Nxf4 20. Qxf4 Qc7 21. Qxc7+ Kxc7 22. Rhd1 Ne5 23. Rxd8 Nxg4 24. R1d7+ Kb6 25. Rxf7 1-0

[Event "Lisbon Portugal op"]
[Site "Lisbon"]
[Date "2018.02.04"]
[Round "3"]
[White "Silva, Mariana Sofia Teixe"]
[Black "Sousa, Ludy Helsio Paulo"]
[Result "0-1"]
[WhiteElo "1901"]
[BlackElo "2165"]
[PlyCount "102"]
[EventDate "2018.02.03"]
[EventType "swiss"]
[EventRounds "9"]
[EventCountry "POR"]
[SourceTitle "EXT 2019"]
[Source "ChessBase"]
[SourceDate "2018.10.10"]
[SourceVersion "1"]
[SourceVersionDate "2018.10.10"]
[SourceQuality "1"]

1. e4 c5 2. Nf3 d6 3. d4 cxd4 4. Nxd4 Nf6 5. Nc3 a6 6. Be2 e5 7. Nb3 Be7 8. 0-0 Be6 9. Re1 Nbd7 10. a4 Rc8 11. Bf3 Qc7 12. a5 0-0 13. Be3 Rfe8 14. h3 Bf8 15. Qd2 h6 16. Red1 Qc6 17. Qe1 Be7 18. Qd2 Nf8 19. Kh2 Ng6 20. g3 Nh7 21. Bg2 Red8 22. Rac1 Qd7 23. Nd5 Bxd5 24. Qxd5 Bg5 25. Bxg5 hxg5 26. Qd2 Qe6 27. Qe3 Rc6 28. Rd2 Rdc8 29. Rcd1 Ne7 30. Bf3 g6 31. Nc1 Kg7 32. c3 Rh8 33. Bg2 Nf6 34. Kg1 Nh7 35. Nd3 Rd8 36. Nb4 Rc5 37. Ra1 Nc6 38. Nxc6 Rxc6 39. Rad1 Qe7 40. Bf1 Qc7 41. Ra1 Rc5 42. Rd5 Rc6 43. Rd2 Nf6 44. c4 b6 45. axb6 Rxb6 46. c5 dxc5 47. Rxd8 Qxd8 48. Qxc5 Rxb2 49. Rxa6 Qd2 50. Ra4 Nd7 51. Qa7 Nb6 0-1

[Event "Lisbon Portugal op"]
[Site "Lisbon"]
[Date "2018.02.03"]
[Round "1"]
[White "Gaudin, Bruno"]
[Black "Sousa, Ludy Helsio Paulo"]
[Result "0-1"]
[WhiteElo "1635"]
[BlackElo "2165"]
[PlyCount "48"]
[EventDate "2018.02.03"]
[EventType "swiss"]
[EventRounds "9"]
[EventCountry "POR"]
[SourceTitle "EXT 2019"]
[Source "ChessBase"]
[SourceDate "2018.10.10"]
[SourceVersion "1"]
[SourceVersionDate "2018.10.10"]
[SourceQuality "1"]

1. e4 c5 2. c3 Nf6 3. e5 Nd5 4. Nf3 e6 5. d4 cxd4 6. cxd4 d6 7. Bb5+ Nd7 8. 0-0 a6 9. Bd3 Qc7 10. Re1 Nb4 11. Nc3 dxe5 12. dxe5 Nxd3 13. Qxd3 Be7 14. Bd2 0-0 15. Rac1 Nc5 16. Qb1 Qd7 17. Rcd1 b5 18. Bg5 Qc7 19. Ne4 Nxe4 20. Bxe7 Qxe7 21. Rxe4 Bb7 22. Re3 Rac8 23. Red3 Be4 24. Rd7 Qxd7 0-1

[Event "Gibraltar Challengers-B"]
[Site "Caleta"]
[Date "2018.01.31"]
[Round "5"]
[White "Sousa, Ludy Helsio Paulo"]
[Black "Cramling Bellon, Anna"]
[Result "1-0"]
[WhiteElo "2153"]
[BlackElo "1978"]
[PlyCount "53"]
[EventDate "2018.01.27"]
[EventType "swiss"]
[EventRounds "5"]
[EventCountry "GGB"]
[SourceTitle "EXT 2019"]
[Source "ChessBase"]
[SourceDate "2018.10.10"]
[SourceVersion "1"]
[SourceVersionDate "2018.10.10"]
[SourceQuality "1"]

1. e4 c5 2. Nf3 d6 3. d4 cxd4 4. Nxd4 Nf6 5. Nc3 a6 6. Bc4 Qb6 7. Bb3 e6 8. Be3 Qc7 9. f3 Nbd7 10. Qd2 Nc5 11. 0-0-0 b5 12. Kb1 Bd7 13. g4 g6 14. a3 Qb7 15. Nde2 Nxb3 16. cxb3 Bc6 17. Bh6 Bxh6 18. Qxh6 Nxe4 19. fxe4 Bxe4+ 20. Nxe4 Qxe4+ 21. Ka2 Qxe2 22. Rxd6 b4 23. a4 Qxg4 24. Rhd1 Rc8 25. Qg7 Rf8 26. Qf6 Qxd1 27. Rxd1 1-0

[Event "Gibraltar Challengers-B"]
[Site "Caleta"]
[Date "2018.01.30"]
[Round "4"]
[White "Plotkin, Victor"]
[Black "Sousa, Ludy Helsio Paulo"]
[Result "1-0"]
[WhiteElo "2242"]
[BlackElo "2153"]
[PlyCount "121"]
[EventDate "2018.01.27"]
[EventType "swiss"]
[EventRounds "5"]
[EventCountry "GGB"]
[SourceTitle "EXT 2019"]
[Source "ChessBase"]
[SourceDate "2018.10.10"]
[SourceVersion "1"]
[SourceVersionDate "2018.10.10"]
[SourceQuality "1"]

1. e4 c5 2. c3 Nf6 3. e5 Nd5 4. d4 cxd4 5. Nf3 e6 6. cxd4 d6 7. Nc3 Nxc3 8. bxc3 Qc7 9. Bd2 Nd7 10. exd6 Bxd6 11. Bd3 b6 12. 0-0 Bb7 13. Qe2 0-0 14. h3 e5 15. Be4 Rae8 16. Bxb7 Qxb7 17. Be3 e4 18. Nd2 f5 19. f4 exf3 20. Qxf3 Qxf3 21. Rxf3 f4 22. Bf2 Re2 23. Rd3 Rfe8 24. Kf1 Nf6 25. Re1 Rxe1+ 26. Bxe1 Nd5 27. Nc4 Re6 28. a4 Be7 29. Bd2 Bh4 30. Ne5 Bg3 31. c4 Nf6 32. Ke2 g5 33. Kf3 h5 34. Bc3 Rd6 35. d5 a5 36. Rd1 Kh7 37. Bb2 Nd7 38. Nxd7 Rxd7 39. Ba3 Kg6 40. d6 Kf6 41. Rd5 Bh2 42. Ke4 Bg3 43. Bb2+ Ke6 44. Rxg5 Kxd6 45. Rd5+ Kc6 46. Rxd7 Kxd7 47. Kd5 Bf2 48. Be5 Be3 49. Ke4 Kc6 50. Bxf4 Bxf4 51. Kxf4 h4 52. g4 hxg3 53. Kxg3 Kc5 54. h4 Kxc4 55. h5 Kb4 56. h6 Kxa4 57. h7 Kb3 58. h8Q Ka2 59. Qb8 a4 60. Qxb6 a3 61. Qb4 1-0